000 00467nam a2200193Ia 4500
008 170918s9999 xx 000 0 und d
020 _a9780545147835
050 _bH293 2007
100 _aHarper, Charise Mericle
245 _aStill just Grace /
245 _cCharise Mericie Harper.
260 _aNew York :
260 _bScholastic,
260 _c2007
300 _a152 pages :
300 _bcolored illustration ;
300 _c29cm.
500 _a1100
999 _c342360
_d342360